Glorious Hinduism. (Record no. 72193)

MARC details
000 -LEADER
fixed length control field 00609cam a22002291 4500
001 - CONTROL NUMBER
control field sa 67000761
003 - CONTROL NUMBER IDENTIFIER
control field DLC
005 - DATE AND TIME OF LATEST TRANSACTION
control field 20260227112317.0
008 - FIXED-LENGTH DATA ELEMENTS--GENERAL INFORMATION
fixed length control field 740123s1966 ii c b 000 0 eng
010 ## - LIBRARY OF CONGRESS CONTROL NUMBER
LC control number sa 67000761 //r92
025 ## - OVERSEAS ACQUISITION NUMBER
Overseas acquisition number PL480:I-E-7160
040 ## - CATALOGING SOURCE
Original cataloging agency DLC
Transcribing agency DLC
Modifying agency DLC
050 00 - LIBRARY OF CONGRESS CALL NUMBER
Classification number BL1210
Item number .N29
082 00 - DEWEY DECIMAL CLASSIFICATION NUMBER
Classification number 294.5
100 10 - MAIN ENTRY--PERSONAL NAME
Personal name Narang, Gokul Chand,
Titles and words associated with a name Sir,
Dates associated with a name 1878-1969.
245 10 - TITLE STATEMENT
Title Glorious Hinduism.
250 ## - EDITION STATEMENT
Edition statement [1st ed.]
260 0# - PUBLICATION, DISTRIBUTION, ETC.
Place of publication, distribution, etc. New Delhi,
Name of publisher, distributor, etc. New Book Society of India
Date of publication, distribution, etc. [1966]
300 ## - PHYSICAL DESCRIPTION
Extent 160 p.
Other physical details port.
Dimensions 22 cm.
504 ## - BIBLIOGRAPHY, ETC. NOTE
Bibliography, etc. note Bibliographical footnotes.
650 #0 - SUBJECT ADDED ENTRY--TOPICAL TERM
Topical term or geographic name entry element Hinduism.

No items available.

Powered by Koha